[Event "MCR_SF11"]
[Site "?"]
[Date "2007.??.??"]
[Round "?"]
[White "Priesol, Daniel"]
[Black "Trs, Jan"]
[Result "1/2-1/2"]
[WhiteElo "2288"]
[BlackElo "2207"]
[PlyCount "67"]
[EventDate "2007.??.??"]
[EventType "schev (corr)"]
[EventRounds "2"]
[SourceDate "2007.09.24"]

1. c4 e5 2. Nc3 Nc6 3. Nf3 Nf6 4. g3 d5 5. cxd5 Nxd5 6. Bg2 Nb6 7. O-O Be7 8.
a3 O-O 9. b4 Be6 10. d3 a5 11. b5 Nd4 12. Rb1 f6 13. Nxd4 exd4 14. Na4 Bd5 15.
Nxb6 cxb6 16. a4 Bxg2 17. Kxg2 Qd5+ 18. Kg1 Rfd8 19. Bb2 Bc5 20. Rc1 Rd6 21.
Rc4 Re6 22. f3 Rae8 23. Rf2 R8e7 24. Kf1 Re5 25. Bc1 Re8 26. Bf4 R5e7 27. Bc1
Qd7 28. Bb2 Kf7 29. Kg2 Qd5 30. Kf1 Kf8 31. Bc1 Qh5 32. Bb2 Qh3+ 33. Kg1 Qd7
34. Bc1 1/2-1/2

[Event "MCR_SF11"]
[Site "?"]
[Date "2007.??.??"]
[Round "?"]
[White "Kudr, Roman"]
[Black "Sojka, Vaclav"]
[Result "1/2-1/2"]
[WhiteElo "2182"]
[BlackElo "2000"]
[PlyCount "68"]
[EventDate "2007.??.??"]
[EventType "schev (corr)"]
[EventRounds "2"]
[SourceDate "2007.09.24"]

1. d4 Nf6 2. c4 e6 3. Nf3 b6 4. a3 Bb7 5. Nc3 d5 6. cxd5 Nxd5 7. Qc2 Nxc3 8.
bxc3 Be7 9. e4 O-O 10. Bd3 c5 11. O-O Qc8 12. Qe2 Ba6 13. Rd1 Bxd3 14. Qxd3 Qc7
15. Bg5 Nc6 16. Qe3 Bxg5 17. Nxg5 Ne7 18. f4 Rac8 19. a4 Ng6 20. g3 cxd4 21.
cxd4 Ne7 22. d5 exd5 23. exd5 h6 24. Ne4 Nf5 25. Qd3 Nd6 26. Nxd6 Qxd6 27. Rac1
Rxc1 28. Rxc1 Rd8 29. Rd1 Qb4 30. Qc2 Qe7 31. Kg2 h5 32. Rd4 h4 33. Qd3 Rd6 34.
g4 Qd7 1/2-1/2

[Event "MCR_SF11"]
[Site "?"]
[Date "2007.??.??"]
[Round "?"]
[White "Kudr, Roman"]
[Black "Trs, Jan"]
[Result "1/2-1/2"]
[WhiteElo "2182"]
[BlackElo "2207"]
[PlyCount "97"]
[EventDate "2007.??.??"]
[EventType "schev (corr)"]
[EventRounds "2"]
[SourceDate "2007.09.24"]

1. d4 d5 2. Nf3 Nf6 3. c4 c6 4. e3 Bf5 5. Nc3 e6 6. Nh4 Bg6 7. Nxg6 hxg6 8. Qb3
Qc7 9. Bd2 Nbd7 10. cxd5 exd5 11. Be2 Nb6 12. h3 O-O-O 13. O-O-O Kb8 14. Kb1
Re8 15. Bd3 Qd6 16. Rhe1 Qb4 17. Qxb4 Bxb4 18. f3 Rd8 19. a3 Bd6 20. Ka2 Bg3
21. Rf1 Bd6 22. e4 Ne8 23. Bg5 f6 24. Be3 Nc7 25. Kb3 g5 26. a4 Nd7 27. exd5
cxd5 28. Rh1 Nf8 29. Bf2 a6 30. Rhe1 Nfe6 31. Ne2 Rde8 32. Rc1 Rh6 33. Nc3 g6
34. a5 f5 35. Ka4 Rhh8 36. b4 Nf4 37. Bf1 Rc8 38. Kb3 Rce8 39. Na4 Ref8 40. Nc5
Ka7 41. Rc3 Rh7 42. Rc2 Rff7 43. Nd3 Nxd3 44. Bxd3 Re7 45. Rce2 Rxe2 46. Rxe2
b5 47. axb6+ Kxb6 48. Ka4 Rg7 49. Bg1 1/2-1/2

[Event "MCR_SF11"]
[Site "?"]
[Date "2007.??.??"]
[Round "?"]
[White "Cvak, Rudolf"]
[Black "Javorsky, Jan"]
[Result "0-1"]
[WhiteElo "2280"]
[BlackElo "2272"]
[PlyCount "108"]
[EventDate "2007.??.??"]
[EventType "schev (corr)"]
[EventRounds "2"]
[SourceDate "2007.09.24"]

1. e4 e6 2. d4 d5 3. e5 b6 4. Nf3 Ne7 5. Bd3 Ba6 6. Bxa6 Nxa6 7. Qd3 Nb4 8. Qd1
c5 9. dxc5 bxc5 10. O-O Ng6 11. c4 d4 12. Na3 Be7 13. Nc2 Nc6 14. Re1 d3 15.
Na3 Qd7 16. h4 Bxh4 17. Nxh4 Nxh4 18. Be3 O-O 19. Bxc5 Rfd8 20. Re4 Nf5 21. Nb5
Na5 22. Nc3 Qc7 23. b4 Nb7 24. Be3 Nxe3 25. fxe3 a5 26. a3 d2 27. c5 h6 28. Ra2
axb4 29. axb4 Rxa2 30. Nxa2 Nxc5 31. bxc5 Qxc5 32. Kf2 h5 33. Nb4 g5 34. Nc2
Qxc2 35. Qxc2 d1=Q 36. Qxd1 Rxd1 37. Kf3 Rf1+ 38. Ke2 Ra1 39. Kf3 Ra5 40. g3
Kf8 41. Kf2 g4 42. Ke2 Kg7 43. Ke1 Kg6 44. Kf2 Kf5 45. Rf4+ Kxe5 46. Rxf7 Ra2+
47. Kg1 Ke4 48. Kf1 e5 49. Rf8 Kxe3 50. Rf5 e4 51. Rxh5 Ra1+ 52. Kg2 Ke2 53.
Rh4 Kd3 54. Rxg4 e3 0-1

[Event "MCR_SF11"]
[Site "?"]
[Date "2007.??.??"]
[Round "?"]
[White "Trs, Jan"]
[Black "Priesol, Daniel"]
[Result "1-0"]
[WhiteElo "2207"]
[BlackElo "2288"]
[PlyCount "75"]
[EventDate "2007.??.??"]
[EventType "schev (corr)"]
[EventRounds "2"]
[SourceDate "2007.09.24"]

1. d4 Nf6 2. c4 e6 3. Nc3 Bb4 4. Qc2 O-O 5. a3 Bxc3+ 6. Qxc3 b6 7. Nf3 Bb7 8.
e3 d6 9. b4 Nbd7 10. Bb2 Ne4 11. Qc2 Ng5 12. Nd2 f5 13. c5 bxc5 14. dxc5 dxc5
15. bxc5 Bc6 16. Bc4 Qe7 17. O-O Kh8 18. a4 Rfd8 19. f3 Nf6 20. Bb5 Bxb5 21.
Bxf6 Qxf6 22. axb5 Rab8 23. f4 Nf7 24. Rab1 e5 25. Nf3 Rd5 26. Rfc1 exf4 27.
exf4 Qe7 28. Kh1 Nh6 29. h3 Qe3 30. Qc4 Qe4 31. Kh2 Qxc4 32. Rxc4 Ng8 33. Nd4
a6 34. b6 cxb6 35. cxb6 Rd6 36. Nc6 Rb7 37. Ne5 h6 38. Rc6 1-0

[Event "MCR_SF11"]
[Site "?"]
[Date "2007.??.??"]
[Round "?"]
[White "Trs, Jan"]
[Black "Cvak, Rudolf"]
[Result "0-1"]
[WhiteElo "2207"]
[BlackElo "2280"]
[PlyCount "130"]
[EventDate "2007.??.??"]
[EventType "schev (corr)"]
[EventRounds "2"]
[SourceDate "2007.09.24"]

1. c4 e5 2. Nc3 Nf6 3. Nf3 Nc6 4. g3 d5 5. cxd5 Nxd5 6. Bg2 Nb6 7. O-O Be7 8.
d3 O-O 9. a3 Be6 10. b4 f5 11. Be3 Bf6 12. Rc1 Nd4 13. Bxd4 exd4 14. Na4 Nxa4
15. Qxa4 a6 16. Qc2 c6 17. Qc5 Rc8 18. Rfe1 Re8 19. e4 dxe3 20. Rxe3 b6 21. Qc2
c5 22. Qe2 cxb4 23. Rxc8 Qxc8 24. axb4 a5 25. bxa5 bxa5 26. Ne5 a4 27. Bc6 a3
28. Bxe8 a2 29. Qb2 Qxe8 30. Re1 h5 31. d4 Qa4 32. h4 f4 33. gxf4 Qb3 34. Qc1
Kh7 35. Qe3 Qb1 36. Qc3 Bd5 37. Kh2 Bxh4 38. Qd3+ Qxd3 39. Nxd3 Bc4 40. Nb4
Bxf2 41. Ra1 Bxd4 42. Rxa2 Bxa2 43. Nxa2 Be3 44. Nc3 Bxf4+ 45. Kg2 Kg6 46. Ne2
Kf5 47. Nd4+ Ke5 48. Nf3+ Ke4 49. Kf2 Be5 50. Ng5+ Kf5 51. Nf3 Bd6 52. Kg2 Kg4
53. Nd4 h4 54. Ne6 g6 55. Nd4 h3+ 56. Kh1 Be5 57. Ne6 Kf5 58. Nd8 Kf6 59. Nb7
g5 60. Nc5 Kf5 61. Nd3 Bd4 62. Nc1 g4 63. Kh2 Ke4 64. Ne2 Bf2 65. Nc3+ Kf3 0-1

[Event "MCR_SF11"]
[Site "?"]
[Date "2007.??.??"]
[Round "?"]
[White "Sojka, Vaclav"]
[Black "Trs, Jan"]
[Result "1-0"]
[WhiteElo "2000"]
[BlackElo "2207"]
[PlyCount "107"]
[EventDate "2007.??.??"]
[EventType "schev (corr)"]
[EventRounds "2"]
[SourceDate "2007.09.24"]

1. Nf3 d5 2. d4 Nf6 3. c4 e6 4. Nc3 c6 5. Bg5 dxc4 6. e4 b5 7. e5 h6 8. Bh4 g5
9. Nxg5 hxg5 10. Bxg5 Nbd7 11. g3 Bb7 12. Bg2 Qb6 13. exf6 O-O-O 14. O-O Ne5
15. Ne4 c5 16. dxc5 Bxc5 17. Qe2 Bd4 18. Rad1 Nd3 19. Be3 Bxe3 20. fxe3 Qc7 21.
Nf2 Bxg2 22. Kxg2 Qc6+ 23. e4 Nxf2 24. Rxd8+ Rxd8 25. Rxf2 Rd4 26. h4 Rxe4 27.
Qf3 Qd5 28. h5 Re5 29. Qxd5 exd5 30. g4 d4 31. h6 Re8 32. g5 d3 33. h7 Kd7 34.
g6 fxg6 35. f7 Rf8 36. h8=Q Rxh8 37. f8=Q Rxf8 38. Rxf8 Ke7 39. Rf1 Ke6 40. Kf3
a5 41. Ke3 Kd5 42. Rg1 a4 43. Rg5+ Kc6 44. Kd4 Kd6 45. Rxg6+ Kd7 46. Kc5 Ke7
47. a3 Kf7 48. Rg4 Ke6 49. Kxb5 Kd5 50. Rxc4 Ke5 51. Rc8 Ke4 52. Kc4 Ke3 53.
Kc3 Ke2 54. Re8+ 1-0

[Event "MCR_SF11"]
[Site "?"]
[Date "2007.??.??"]
[Round "?"]
[White "Trs, Jan"]
[Black "Sojka, Vaclav"]
[Result "0-1"]
[WhiteElo "2207"]
[BlackElo "2000"]
[PlyCount "118"]
[EventDate "2007.??.??"]
[EventType "schev (corr)"]
[EventRounds "2"]
[SourceDate "2007.09.24"]

1. c4 Nf6 2. Nc3 e6 3. e4 d5 4. e5 d4 5. exf6 dxc3 6. bxc3 Qxf6 7. d4 c5 8. Nf3
cxd4 9. Bg5 Qf5 10. cxd4 Bb4+ 11. Bd2 Nc6 12. Bxb4 Nxb4 13. Rb1 Nc6 14. Bd3 Qf6
15. Bc2 O-O 16. Qd3 g6 17. Qc3 Rd8 18. Rd1 b6 19. Be4 Bb7 20. Qe3 Rac8 21. O-O
Na5 22. Bxb7 Nxb7 23. Ne5 Nd6 24. Qb3 Nf5 25. Qf3 Kg7 26. Ng4 Qe7 27. Qc3 Rc7
28. Rfe1 f6 29. Ne3 Nxe3 30. Rxe3 Qd7 31. Qc2 e5 32. d5 Rdc8 33. Rc3 Rc5 34.
Rdd3 b5 35. cxb5 Qxb5 36. Rxc5 Rxc5 37. Qd1 e4 38. Rd2 Rc3 39. h3 Rd3 40. Qc2
Qxd5 41. Qc7+ Qf7 42. Rc2 Rd1+ 43. Kh2 Rd7 44. Qf4 Qd5 45. Qc1 a5 46. Qf4 a4
47. g4 h6 48. Kg2 e3+ 49. Qf3 Qxf3+ 50. Kxf3 exf2 51. Kxf2 Rd3 52. h4 h5 53.
gxh5 gxh5 54. Kg2 Re3 55. Rb2 Kg6 56. Rf2 a3 57. Rc2 Kf5 58. Kf2 Rd3 59. Rc5+
Kg4 0-1

[Event "MCR_SF11"]
[Site "?"]
[Date "2007.??.??"]
[Round "?"]
[White "Chvojka, Jaroslav"]
[Black "Sojka, Vaclav"]
[Result "0-1"]
[WhiteElo "2252"]
[BlackElo "2000"]
[PlyCount "113"]
[EventDate "2007.??.??"]
[EventType "schev (corr)"]
[EventRounds "2"]
[SourceDate "2007.09.24"]

1. d4 Nf6 2. Bg5 d5 3. Nc3 Nbd7 4. f3 c6 5. e4 dxe4 6. fxe4 e5 7. Nf3 exd4 8.
Qxd4 Bc5 9. Qd2 O-O 10. e5 Nxe5 11. Nxe5 Qe7 12. O-O-O Qxe5 13. Re1 Qd4 14. Bd3
Be6 15. Rhf1 Ng4 16. Be7 Rfe8 17. Rf4 Qe3 18. Bxc5 Qxc5 19. Rxe6 Rxe6 20. Rxg4
Qg1+ 21. Nd1 Qxh2 22. Bc4 Rd6 23. Qg5 Qh6 24. Qxh6 Rxh6 25. Rd4 b5 26. Bd3 Kf8
27. Kd2 Re8 28. b4 a6 29. c4 Rf6 30. Be2 Rfe6 31. Bf3 f5 32. Nc3 g5 33. a3 g4
34. Be2 Re3 35. Rd3 Rxd3+ 36. Bxd3 Rd8 37. Kc2 bxc4 38. Bxc4 Ke7 39. Bxa6 h5
40. Bd3 Ke6 41. a4 h4 42. Ne2 Ke5 43. Kc3 Rg8 44. Bc4 Rg7 45. Ng1 h3 46. gxh3
gxh3 47. Nf3+ Kd6 48. Nh2 Rg2 49. Nf1 h2 50. Nxh2 Rxh2 51. a5 Rh3+ 52. Kc2 f4
53. a6 Kc7 54. b5 c5 55. Bd3 Kb6 56. Kd2 f3 57. Be4 0-1

[Event "MCR_SF11"]
[Site "?"]
[Date "2007.??.??"]
[Round "?"]
[White "Sojka, Vaclav"]
[Black "Chvojka, Jaroslav"]
[Result "0-1"]
[WhiteElo "2000"]
[BlackElo "2252"]
[PlyCount "111"]
[EventDate "2007.??.??"]
[EventType "schev (corr)"]
[EventRounds "2"]
[SourceDate "2007.09.24"]

1. d4 Nf6 2. Nf3 d5 3. c4 e6 4. Nc3 Be7 5. Bf4 Nbd7 6. e3 O-O 7. Qc2 c5 8. dxc5
Nxc5 9. Be2 dxc4 10. Bxc4 a6 11. a4 Bd7 12. O-O Rc8 13. a5 Qe8 14. Rfd1 Bc6 15.
Ne5 Nh5 16. Qe2 Nxf4 17. exf4 Nd7 18. Ne4 Nf6 19. Nxf6+ Bxf6 20. Rd6 Qe7 21.
Rad1 Bd5 22. Rd7 Bxc4 23. Nxc4 Qb4 24. Nb6 Rc5 25. R7d3 Rxa5 26. Nd7 Rc8 27.
Nxf6+ gxf6 28. Qg4+ Kf8 29. h3 Qxb2 30. R3d2 h5 31. Qf3 Qb6 32. Rd6 Qc7 33. Kh2
Rb5 34. Rd7 Qc2 35. R1d3 Qc6 36. Qe2 Qc5 37. Qd1 Qc4 38. Qf3 Qc6 39. Qe2 Rf5
40. Qe3 h4 41. Qe2 Re8 42. Qg4 Rd5 43. R7xd5 exd5 44. Qxh4 Re6 45. Qh5 Qc4 46.
Rf3 d4 47. Rg3 Ke7 48. Qf3 Qc6 49. Qd3 Qd5 50. f5 Re4 51. Qd2 a5 52. Qc2 Kf8
53. Qc8+ Re8 54. Qc1 b5 55. h4 b4 56. h5 0-1

[Event "MCR_SF11"]
[Site "?"]
[Date "2007.??.??"]
[Round "?"]
[White "Chvojka, Jaroslav"]
[Black "Cvak, Rudolf"]
[Result "1/2-1/2"]
[WhiteElo "2252"]
[BlackElo "2280"]
[PlyCount "118"]
[EventDate "2007.??.??"]
[EventType "schev (corr)"]
[EventRounds "2"]
[SourceDate "2007.09.24"]

1. d4 Nf6 2. Bg5 Ne4 3. Bf4 d5 4. e3 Bf5 5. Nd2 e6 6. Nxe4 Bxe4 7. f3 Bf5 8.
Bd3 Bxd3 9. Qxd3 Bd6 10. Ne2 O-O 11. O-O c5 12. Qb5 Bxf4 13. Nxf4 cxd4 14. exd4
Qg5 15. Nh3 Qe3+ 16. Nf2 Qxd4 17. Qxb7 Qb6 18. Qxb6 axb6 19. Rfe1 Nc6 20. a3 g5
21. c3 Ra4 22. Nd3 Kg7 23. Kf2 h5 24. f4 gxf4 25. b3 Ra5 26. Nxf4 Rfa8 27. a4
h4 28. Nd3 b5 29. Nb2 R5a7 30. Re3 Rb8 31. Nd3 bxa4 32. bxa4 Rba8 33. Nb2 Kf6
34. Rh3 Kg5 35. g3 hxg3+ 36. Rxg3+ Kf6 37. h4 Ne7 38. h5 Nf5 39. Rh3 Kg5 40.
Kf3 Kh6 41. Kf4 Rc7 42. Rg1 Rb8 43. Nd1 Rb1 44. Ke5 Ra1 45. Rd3 Rxa4 46. Nf2
Rcc4 47. Rf3 Kxh5 48. Rh3+ Nh4 49. Rg8 Kh6 50. Kd6 Kh7 51. Rg5 Rf4 52. Nd3 Rf6
53. Rh5+ Rh6 54. Rxh6+ Kxh6 55. Nc5 Rg4 56. Nxe6 fxe6 57. Kxe6 d4 58. cxd4 Rxd4
59. Kf6 Rg4 1/2-1/2

[Event "MCR_SF11"]
[Site "?"]
[Date "2007.??.??"]
[Round "?"]
[White "Javorsky, Jan"]
[Black "Chvojka, Jaroslav"]
[Result "1-0"]
[WhiteElo "2272"]
[BlackElo "2252"]
[PlyCount "127"]
[EventDate "2007.??.??"]
[EventType "schev (corr)"]
[EventRounds "2"]
[SourceDate "2007.09.24"]

1. d4 Nf6 2. c4 e6 3. Nf3 Bb4+ 4. Nbd2 b6 5. e3 O-O 6. Bd3 d5 7. O-O c5 8. cxd5
exd5 9. a3 Bxd2 10. Bxd2 Ba6 11. Bxa6 Nxa6 12. Rc1 Re8 13. Qe2 Qc8 14. dxc5
bxc5 15. b4 c4 16. Rfd1 Ne4 17. Nd4 Nc7 18. Be1 Qa6 19. Qb2 Qh6 20. a4 Qg5 21.
b5 Ne6 22. Nc6 N6c5 23. Qa3 a6 24. b6 Re6 25. Nb4 Rg6 26. g3 Rd8 27. f3 Rxb6
28. fxe4 Nxe4 29. Rd4 Re6 30. h4 Qe7 31. Qa2 Red6 32. Qg2 f5 33. Qf3 g6 34. Qf4
Qe8 35. Rcd1 Nf6 36. a5 R8d7 37. Bc3 Qd8 38. Qe5 Re7 39. Nxd5 Nxd5 40. Rxd5
Rxe5 41. Rxd6 Qxd6 42. Rxd6 Rxe3 43. Bb4 Rxg3+ 44. Kf2 Rb3 45. Be1 Rb2+ 46. Kf1
Ra2 47. Rxa6 Kf7 48. Ra8 Ra1 49. a6 c3 50. Ke2 c2 51. Bd2 c1=Q 52. Bxc1 Rxc1
53. a7 Rc2+ 54. Kd3 Ra2 55. Rh8 Ra3+ 56. Kc4 Ra4+ 57. Kb5 Ra2 58. a8=Q Rxa8 59.
Rxa8 Ke6 60. Ra6+ Ke5 61. Ra7 h6 62. Ra6 f4 63. Rxg6 f3 64. Rg8 1-0

[Event "MCR_SF11"]
[Site "?"]
[Date "2007.??.??"]
[Round "?"]
[White "Kudr, Roman"]
[Black "Chvojka, Jaroslav"]
[Result "1-0"]
[WhiteElo "2182"]
[BlackElo "2252"]
[PlyCount "95"]
[EventDate "2007.??.??"]
[EventType "schev (corr)"]
[EventRounds "2"]
[SourceDate "2007.09.24"]

1. d4 Nf6 2. c4 e6 3. Nf3 b6 4. a3 Bb7 5. Nc3 d5 6. cxd5 Nxd5 7. Qc2 c5 8. e4
Nxc3 9. bxc3 Nc6 10. Bb2 Be7 11. Rd1 Qc7 12. d5 exd5 13. exd5 Ne5 14. Bb5+ Kf8
15. Qf5 Nxf3+ 16. Qxf3 Bf6 17. O-O a6 18. Bc4 b5 19. Ba2 Be5 20. h4 Re8 21.
Rfe1 c4 22. h5 Qd6 23. Bc1 f6 24. Bb1 Kf7 25. Bf5 Bc8 26. Be6+ Bxe6 27. dxe6+
Qxe6 28. a4 g5 29. Bxg5 Rhg8 30. Bf4 Qf5 31. Qd5+ Kg7 32. Bxe5 Rxe5 33. h6+ Kh8
34. Rxe5 Qxe5 35. Qxe5 fxe5 36. axb5 axb5 37. Rd5 Rb8 38. Rxe5 Kg8 39. Rg5+ Kh8
40. Rc5 Kg8 41. g4 Kf7 42. Kg2 Ke6 43. Rc7 Rh8 44. Kf3 Kd6 45. Rf7 Kc6 46. Ke2
Kd5 47. Rf5+ Kc6 48. g5 1-0

[Event "MCR_SF11"]
[Site "?"]
[Date "2007.??.??"]
[Round "?"]
[White "Cvak, Rudolf"]
[Black "Trs, Jan"]
[Result "1-0"]
[WhiteElo "2280"]
[BlackElo "2207"]
[PlyCount "147"]
[EventDate "2007.??.??"]
[EventType "schev (corr)"]
[EventRounds "2"]
[SourceDate "2007.09.24"]

1. e4 c6 2. d4 d5 3. e5 Bf5 4. Nc3 e6 5. g4 Bg6 6. Nge2 c5 7. h4 h6 8. Be3 cxd4
9. Nxd4 Bb4 10. h5 Be4 11. f3 Bh7 12. Bd3 Bxd3 13. Qxd3 Nd7 14. O-O-O Bxc3 15.
Qxc3 Rc8 16. Qb3 Nxe5 17. Bf4 Nc4 18. Qb5+ Qd7 19. b3 Nb6 20. Qa5 Ne7 21. Qxa7
Na8 22. Qa3 Nc7 23. Rhe1 Nb5 24. Nxb5 Qxb5 25. Be5 Qc6 26. Re2 f6 27. Bd6 Qc3
28. Kb1 Qxf3 29. Rde1 Nc6 30. Qc5 e5 31. Bxe5 Kf7 32. Bxf6 Rhe8 33. Be7 Kg8 34.
Re3 Qg2 35. Bd6 Rxe3 36. Qxe3 Qxg4 37. Rg1 d4 38. Qe1 Qf5 39. Qg3 Qf7 40. Bf4
Kh8 41. Qh3 Rd8 42. Bc1 Rd5 43. Rf1 Qe8 44. Qd3 Re5 45. a4 Re7 46. Qb5 Rd7 47.
Rf4 Qe7 48. Qf1 Kg8 49. Qc4+ Kh8 50. Bb2 Qd6 51. Rf7 Rxf7 52. Qxf7 Qb4 53. Qe8+
Kh7 54. Qg6+ Kh8 55. Qf7 Qe1+ 56. Bc1 Qe7 57. Qf5 Qe8 58. a5 Kg8 59. Qb5 Qd7
60. Bd2 Qc8 61. b4 Ne7 62. Qe5 Qd7 63. Qc5 Kf7 64. b5 Nc8 65. Kb2 Kf6 66. Bb4
Ke6 67. a6 bxa6 68. bxa6 Kf6 69. Be1 Kf7 70. Bf2 Qa4 71. Qd5+ Kf8 72. Qd8+ Kf7
73. Qc7+ Kf6 74. Qf4+ 1-0